000 00376pab a2200145 454500
008 180718b2015 xxu||||| |||| 00| 0 eng d
100 _aTilak, Jandhyala B.G.
245 _aHigher education in South Asia: crisis and challenges
260 _c2015
300 _ap.43-59.
362 _aJan-Feb
650 _aHigher education
773 _aSocial Scientist
909 _a107998
999 _c107993
_d107993